000 00578nam a2200217Ia 4500
008 101110s9999 xx 000 0 und d
041 _aENGLISH
082 _bSR32784
100 _aBhole K.G., Shroff Adarsha & Ranade Abhay J.
245 _aA new course in physics vol.I SYBSc
260 _c2009
_bSheth Prakashan, Mumbai
300 _a226
365 _b125
520 _aPhysics
546 _aENGLISH
630 _aA new course in physics vol.I SYBSc
650 _aPhysics
655 _aPhysics
730 _aA new course in physics vol.I SYBSc
942 _cBOOK
999 _c825285
_d825282